000 00296nam a22001337a 4500
008 171030b xxu||||| |||| 00| 0 eng d
020 _a9780735567979
041 _aeng
080 _24 ed
_a336
100 _a56
101 _aFIN
245 _aSECURED TRANSACTIONS
_cKLUWER.W
942 _2udc
_cBK
999 _c36295
_d36295